01301cam a22003737a 4500003000500000005001700005008004100022010001000063011001000073035001000083040000900093082001600102110000800118245016300126260002300289300000700312410000800319490003000327500002900357590004100386590004100427590004100468590004100509590004200550650004200592650003300634810000800667830003700675901000700712942001000719949005500729999001700784952012600801CHAP20220817042232.0971013s1975 r 00010 d a38331 a39303 a43423 cCHAP a333.91bF31 aFAO 0aLegislación de aguas en América Central, Caribe y México, El Salvador, Haití, Honduras, Jamaica, México, Nicaragua, Panamá, República Dominicana aRoma :bFAO,c1975 av. aFAO 0aEstudios legislativosv;8 aLa biblioteca tiene: v.1 aBATCH-UPDb10c20130110lUCH01h0159 aBATCH-UPDb10c20130110lUCH01h1318 aBATCH-UPDb10c20130410lUCH01h0828 aBATCH-UPDb10c20130913lUCH01h2243 aCONVERSIONb10c20130109lUCH01h132114aAguaxLeyesxAmérica Central.9238014aAguaxLeyesxMéxico.923870 aFAO00aEstudios legislativosv;8938550 aBK cLIBRO a333.91 F31bBCcFAOd-99494eFAO1h29259i43423si c38331d38331 00104053708FAOaBCbBCcPP_FAOd2019-12-31fLIBROi127l0o333.91 F31p-99494r2019-12-31 00:00:00w2019-12-31yLIBRO